Normal view MARC view

Entry Topical Term

Number of records used in: 0

001 - CONTROL NUMBER

  • control field: 875155

003 - CONTROL NUMBER IDENTIFIER

  • control field:

005 - DATE AND TIME OF LATEST TRANSACTION

  • control field: 20210627090031.0

008 - FIXED-LENGTH DATA ELEMENTS

  • fixed length control field: 210627|| aca||aabn | a|a d

040 ## - CATALOGING SOURCE

  • Original cataloging agency:
  • Transcribing agency:

150 ## - HEADING--TOPICAL TERM

  • Topical term or geographic name entry element: psychiatric hospitals
  • Geographic subdivision: United states
  • General subdivision: Pictorial works

670 ## - SOURCE DATA FOUND

  • Source citation: Work cat.: ()755237: Payne, Christopher, 1968- 875154, Asylum :, 2009
                                                                           
web counter

Copyright ©2020 The National Library of India, Govt. of India ↔ Hosted by NVLI, MOC ↔ Technology and Design by National Library of India, Ministry of Culture, Govt. of India